Most Iconic Minecraft Movie Memes #1 - Statistics

General Stats
  • This quiz has been taken 197 times
  • The average score is 9 of 12
Answer Stats
Hint Answer % Correct
CHICKEN JOCKEY
97%
I Am Steve
96%
Flint and Steel
93%
Ender Pearl
80%
The- Nether
77%
Water Bucket ___! Release
77%
As a child, I Yearned for the mines
77%
Diamond Armor Full Set
57%
Boots of Swiftness
55%
The Villagers! They Love... Crushing Loaf
54%
Big Ol- Red Ones
54%
Elytra Wings
47%
No matching quizzes found
Score Distribution
Percent of People with Each Score
Percentile by Number Answered
Your Score History
You have not taken this quiz